[Event "AUT-chT2S 9495"]
[Site "?"]
[Date "1995.??.??"]
[Round "1"]
[White "Mencinger, Vojko"]
[Black "Hresc, Vladimir"]
[Result "0-1"]
[WhiteElo "2365"]
[BlackElo "2420"]

1.e4 e5 2.Nf3 Nc6 3.Bb5 a6 4.Ba4 Nf6 5.O-O Be7 6.Re1 b5 7.Bb3 O-O 8.c3 d6
9.h3 Nb8 10.d4 Nbd7 11.Nbd2 Bb7 12.Bc2 Re8 13.Nf1 Bf8 14.Ng3 g6 15.a4 Bg7
16.d5 Bf8 17.b3 c5 18.Qe2 bxa4 19.Rxa4 Qc7 20.Nd2 Nb6 21.Ra3 Ra7 22.Bd3 Rea8
23.Nc4 Nxc4 24.Bxc4 Bc8 25.Bg5 Ne8 26.Rea1 Qb6 27.Be3 a5 28.Qa2 f5 29.exf5 gxf5
30.f4 Bh6 31.Qd2 e4 32.Kh2 Bg7 33.Ne2 Nc7 34.R1a2 Bd7 35.Qc2 Be8 36.Ng3 Bg6
37.h4 h5 38.Ne2 Bf6 39.g3 Bf7 40.Qd1 Qb7 41.Rd2 Kh7 42.Ra1 Rg8 43.Rc1 Nb5
44.Ra2 Raa8 45.Qd2 Be8 46.Qe1 Nc7 47.Qd1 Bf7 48.Rd2 Rg4 49.Kh3 Rag8 50.Bf2 Qa8
51.Be3 Qf8 52.Bf2 Qg7 53.Qf1 e3 54.Bxe3 Rxg3+  0-1

[Event "SWE-ch"]
[Site "Borlange"]
[Date "1995.??.??"]
[Round "2"]
[White "Hjelm, Niclas"]
[Black "Ornstein, Axel"]
[Result "0-1"]
[WhiteElo "2335"]
[BlackElo "2450"]

1.e4 e5 2.Nf3 Nc6 3.Bb5 a6 4.Ba4 Nf6 5.O-O Be7 6.Re1 b5 7.Bb3 O-O 8.c3 d6
9.h3 Nb8 10.d4 Nbd7 11.Nbd2 Bb7 12.Bc2 Re8 13.Nf1 Bf8 14.Bg5 h6 15.Bh4 Be7
16.dxe5 Nxe5 17.Nxe5 dxe5 18.Qf3 Nd7 19.Bg3 Bd6 20.Ne3 g6 21.a4 Kg7 22.Qe2 Nc5
23.f3 Bc6 24.axb5 axb5 25.Red1 h5 26.Rxa8 Qxa8 27.Nd5 Bxd5 28.exd5 b4 29.cxb4 Nd7
30.Be1 Qb7 31.b5 Nf6 32.Bf2 Rb8 33.b6 cxb6 34.Ba4 b5 35.Bb3 Re8 36.Ra1 e4
37.fxe4 Rxe4 38.Qd3 Qe7 39.Rf1 Qe5 40.g3 h4 41.Kg2 hxg3 42.Qxg3 Qxg3+ 43.Bxg3 Bxg3
44.Kxg3 Re3+  0-1

[Event "Bratislava op"]
[Site "Bratislava"]
[Date "1995.??.??"]
[Round "7"]
[White "Moravcik, Rastislav"]
[Black "Prochaska, Juergen"]
[Result "1-0"]
[WhiteElo "2080"]
[BlackElo "1940"]

1.e4 e5 2.Nf3 Nc6 3.Bb5 a6 4.Ba4 Nf6 5.O-O Be7 6.Re1 b5 7.Bb3 d6 8.c3 O-O
9.h3 Nb8 10.d4 Nbd7 11.a4 Bb7 12.Nbd2 c5 13.d5 c4 14.Bc2 Nc5 15.b4 cxb3 16.Nxb3 Qc7
17.Nxc5 Qxc5 18.Re3 Qc7 19.Rb1 bxa4 20.Bxa4 Rab8 21.Ba3 Ba8 22.Rc1 Nd7 23.Bxd7 Qxd7
24.c4 f6 25.Nh4 Rfc8 26.Rg3 Bf8 27.Nf5 Rc7 28.Bxd6 Bxd6 29.Rxg7+ Qxg7 30.Nxg7 Rxg7
31.c5 Bc7 32.Qa4 f5 33.Qxa6 fxe4 34.d6 e3 35.dxc7 exf2+ 36.Kxf2 Rxg2+ 37.Ke1 Rg1+
38.Kd2 Rg2+ 39.Kc3 Rg3+ 40.Kc4 Bd5+ 41.Kxd5  1-0

[Event "Budapest FS11 IM-A"]
[Site "Budapest"]
[Date "1995.??.??"]
[Round "7"]
[White "Peredy, Ferenc"]
[Black "Farago, Sandor"]
[Result "1/2-1/2"]
[WhiteElo "2235"]
[BlackElo "2360"]

1.e4 e5 2.Nf3 Nc6 3.Bb5 a6 4.Ba4 Nf6 5.O-O Be7 6.Re1 b5 7.Bb3 d6 8.c3 O-O
9.h3 Nb8 10.d4 Nbd7 11.Nbd2 Bb7 12.Bc2 Re8 13.Nf1 Bf8 14.Ng3 g6 15.a4 c5
16.d5 c4 17.Bg5 h6 18.Be3 Nc5 19.Qd2 h5 20.Bg5 Bg7 21.Nh4 Qc7 22.Bh6 Bh8
23.Qg5 Nh7 24.Qe3 Bf6 25.Nf3 Qe7 26.Nf1 Reb8 27.axb5 axb5 28.N1d2 Bc8 29.Kh2 Bd7
30.g3 Qd8 31.h4 Rb7 32.Rxa8 Qxa8 33.Ng5 Nf8 34.Qe2 Qa2 35.Rb1 Na4 36.Bxa4 Qxa4
37.b3 cxb3 38.Rxb3 Ra7 39.Qd1 Qa1 40.Qxa1 Rxa1 41.Ngf3 Ra4 42.Kg2 Be7 43.Ne1 Bd8
44.Be3 Nh7 45.f3 f5  1/2-1/2

[Event "Cannes op"]
[Site "Cannes"]
[Date "1995.??.??"]
[Round "2"]
[White "Apicella, Manuel"]
[Black "Mazi, Leon"]
[Result "1-0"]
[WhiteElo "2505"]
[BlackElo "2360"]

1.e4 e5 2.Nf3 Nc6 3.Bb5 a6 4.Ba4 Nf6 5.O-O Be7 6.Re1 b5 7.Bb3 d6 8.c3 O-O
9.h3 Nb8 10.d4 Nbd7 11.Nbd2 Bb7 12.Bc2 c5 13.Nf1 Re8 14.Ng3 g6 15.Bg5 Kg7
16.Qd2 Ng8 17.Be3 Qc7 18.Rad1 Rad8 19.d5 c4 20.h4 h5 21.Ng5 Ngf6 22.Qe2 Nc5
23.Rf1 Bc8 24.Rde1 Ng4 25.Bc1 f6 26.Nh3 Nh6 27.f4 Bxh3 28.gxh3 exf4 29.Rxf4 Nf7
30.Kh2 Rg8 31.Rg1 Kf8 32.Rff1 Rh8 33.Qg2 Ne5 34.Nf5 Kf7 35.Bf4 Ncd7 36.Nd4 Rdg8
37.Qe2 Rb8 38.Bd2 Bf8 39.Ne6 Qc8 40.Nf4 Be7 41.Rg3 Nf8 42.Rfg1 Bd8 43.Be3 Bb6
44.Bd4 Bc5 45.Qg2 Rh6 46.Bd1 Rb7 47.Bxh5 gxh5 48.Rg8 Ng4+ 49.hxg4 Kxg8 50.gxh5+ Ng6
51.Nxg6 Kh7 52.Bxc5 dxc5 53.Nf4 Kh8 54.d6 Qe8 55.e5 Rbh7 56.e6 Qb8 57.Qg8+ Qxg8
58.Rxg8+ Kxg8 59.d7  1-0

[Event "CUB-ch"]
[Site "CUB"]
[Date "1995.??.??"]
[Round "6"]
[White "Rodriguez, Amador"]
[Black "Rivera, Alberto"]
[Result "1-0"]
[WhiteElo "2520"]
[BlackElo "2370"]

1.e4 e5 2.Nf3 Nc6 3.Bb5 a6 4.Ba4 Nf6 5.O-O Be7 6.Re1 b5 7.Bb3 d6 8.c3 O-O
9.h3 Nb8 10.d4 Nbd7 11.Nbd2 Bb7 12.Bc2 Re8 13.a4 c5 14.b3 cxd4 15.cxd4 Bf8
16.d5 Qc7 17.Ba3 Rec8 18.Bd3 Qb6 19.Qe2 Nh5 20.Qe3 Qxe3 21.Rxe3 bxa4 22.bxa4 Nc5
23.Rb1 Ra7 24.Bxc5 Rxc5 25.Nb3 Rc3 26.Na5 Bc8 27.Bc4 Rxe3 28.fxe3 Nf6 29.Nd2 Nd7
30.Nc6 Rc7 31.Rb4 g6 32.Nb3 h5 33.Kf2 Kg7 34.Kf3 Kf6 35.a5 Bh6 36.Bd3 Bg5
37.Ke2 Bb7 38.Rb6 Nxb6 39.axb6 Rd7 40.Nba5 Kg7 41.Nb8 Rd8 42.Nbc6 Rd7 43.Bc2 Bc8
44.Ba4 Bd8 45.Nxd8 Rxd8 46.b7 Bxb7 47.Nxb7 Rb8 48.Nxd6 Rb4 49.Bc2 a5 50.Kd3 a4
51.Nc4 f5 52.Kc3 Rb8 53.Bxa4 fxe4 54.Nxe5  1-0

[Event "CZE-chT2b 9596"]
[Site "CZE"]
[Date "1995.??.??"]
[Round "?"]
[White "Belaska, Premysl"]
[Black "Slapak, Zdenek"]
[Result "1-0"]
[WhiteElo "2230"]
[BlackElo "2205"]

1.e4 e5 2.Nf3 Nc6 3.Bb5 a6 4.Ba4 Nf6 5.O-O Be7 6.Re1 b5 7.Bb3 O-O 8.c3 d6
9.h3 Nb8 10.d4 Nbd7 11.Nbd2 c5 12.Nf1 Bb7 13.Bc2 Qc7 14.d5 c4 15.Ng3 g6 16.Bh6 Rfe8
17.Qd2 Bf8 18.Re2 Qd8 19.Rf1 Bxh6 20.Qxh6 Qe7 21.Nh2 Qf8 22.Qd2 Qg7 23.f4 Re7
24.Nf3 h6 25.h4 Nf8 26.h5 Rae8 27.fxe5 dxe5 28.hxg6 fxg6 29.Bd1 Bc8 30.Nh2 Rf7
31.Ref2 N8h7 32.Qe3 Ref8 33.Bf3 h5 34.b3 cxb3 35.axb3 h4 36.Ne2 g5 37.g4 hxg3
38.Nxg3 g4 39.Bg2 Ng5 40.Nf5 Qg6 41.d6 Nh3+ 42.Bxh3 gxh3+ 43.Kh1 Bxf5 44.exf5 Qh5
45.Rg1+ Rg7 46.Rf3 e4 47.Rxg7+ Kxg7 48.Rg3+  1-0

[Event "Dresden op"]
[Site "Dresden"]
[Date "1995.??.??"]
[Round "?"]
[White "Lau, Ralf"]
[Black "Gabriel, Christian"]
[Result "1/2-1/2"]
[WhiteElo "2490"]
[BlackElo "2475"]

1.e4 e5 2.Nf3 Nc6 3.Bb5 a6 4.Ba4 Nf6 5.O-O Be7 6.Re1 b5 7.Bb3 d6 8.c3 O-O
9.h3 Nb8 10.d4 Nbd7 11.Nbd2 Bb7 12.Bc2 Re8 13.a4 Bf8 14.Bd3 c6 15.b3 g6 16.Bb2 Qc7
17.Qc2 Rad8 18.c4 bxa4 19.Rxa4 exd4 20.Bxd4 Ne5 21.Be2 c5 22.Bc3 Qe7 23.Raa1 Bg7
24.Nxe5 dxe5 25.Bf3 h5 26.Nf1 Nh7 27.g3 Ng5 28.Bg2 f5 29.f3 fxe4 30.fxe4 Rf8
31.Rad1 Nf3+ 32.Bxf3 Rxf3 33.Rxd8+ Qxd8 34.Re3 Rf7 35.Qe2 Qd7 36.h4 Qc6 37.Nd2 Rd7
38.Rd3 Rd6  1/2-1/2

[Event "Dresden op"]
[Site "Dresden"]
[Date "1995.??.??"]
[Round "?"]
[White "Lutz, Christopher"]
[Black "Gabriel, Christian"]
[Result "1/2-1/2"]
[WhiteElo "2575"]
[BlackElo "2475"]

1.e4 e5 2.Nf3 Nc6 3.Bb5 a6 4.Ba4 Nf6 5.O-O Be7 6.Re1 b5 7.Bb3 d6 8.c3 O-O
9.h3 Nb8 10.d4 Nbd7 11.Nbd2 Bb7 12.Bc2 Re8 13.a4 Bf8 14.Bd3 c6 15.b3 g6 16.Qc2 Rc8
17.Bb2 Qc7 18.Rad1 Bg7 19.Qb1 Nh5 20.Bf1 Nf4 21.g3 Ne6 22.b4 bxa4 23.Qa2 Nb6
24.Nc4 Nxc4 25.Bxc4 d5 26.Bd3 dxe4 27.Bxe4 exd4 28.cxd4 a5 29.Qxa4 axb4 30.Qxb4 Rb8  1/2-1/2

[Event "Groningen op"]
[Site "Groningen"]
[Date "1995.??.??"]
[Round "?"]
[White "Mainka, Romuald"]
[Black "Socko, Bartosz"]
[Result "1/2-1/2"]
[WhiteElo "2530"]
[BlackElo "2485"]

1.e4 e5 2.Nf3 Nc6 3.Bb5 a6 4.Ba4 Nf6 5.O-O Be7 6.Re1 b5 7.Bb3 d6 8.c3 O-O
9.h3 Nb8 10.d4 Nbd7 11.Nbd2 Bb7 12.Bc2 Re8 13.b3 Bf8 14.Bb2 a5 15.a4 bxa4
16.Rxa4 Ra7 17.Qa1 d5 18.Nxe5 dxe4 19.Ndc4 e3 20.Rxe3 Nd5 21.Qb1 N7f6 22.Re1 c5
23.Qc1 cxd4 24.cxd4 Bb4 25.Rd1 Nh5 26.Qb1 g6 27.Be4 Qg5 28.Bc1 Qh4 29.Bxd5 Bxd5
30.Ne3 Be4 31.Qa2 Rc7 32.f3 Bb7 33.Qf2 Qd8 34.Bd2 Bc3 35.Bxc3 Rxc3 36.N3c4 Nf4
37.Kh2 f6 38.Qb2 Nd5  1/2-1/2

[Event "Wch U18"]
[Site "Guarapuava"]
[Date "1995.??.??"]
[Round "10"]
[White "Rowson, Jonathan"]
[Black "Socko, Bartosz"]
[Result "1/2-1/2"]
[WhiteElo "2400"]
[BlackElo "2485"]

1.e4 e5 2.Nf3 Nc6 3.Bb5 a6 4.Ba4 Nf6 5.O-O Be7 6.Re1 b5 7.Bb3 d6 8.c3 O-O
9.h3 Nb8 10.d4 Nbd7 11.Nbd2 Bb7 12.Bc2 Re8 13.a4 Bf8 14.Bd3 c6 15.Qc2 g6
16.b3 Bg7 17.Bb2 Rc8 18.Rad1 Qc7 19.Ba3 Nf8 20.c4 bxa4 21.c5 dxc5 22.dxe5 N6d7
23.Nc4 Rb8 24.bxa4 Ne6 25.Bb2 Nd4 26.Nxd4 cxd4 27.f4 g5 28.g3 c5 29.Nd6 Re6
30.Bc4 Rxd6 31.exd6 Qxd6 32.Bc1 Nb6 33.Bf1 Qc6 34.a5 Na4 35.Bd2 Nc3 36.Bxc3 dxc3
37.fxg5 Bd4+ 38.Kh2 Bc8 39.Rb1 Rb2 40.Rxb2 cxb2 41.Bd3 Qd7 42.Bf1 Qb7 43.Bd3 Qd7
44.Bf1 Qd8 45.Bc4 Qxg5 46.Rf1 Be5 47.Bxf7+ Kg7 48.Qf2 Bd4 49.Qf3 Qd2+ 50.Kh1 Bxh3
51.Be8 Bg2+ 52.Qxg2 Qh6+ 53.Qh2 Qc1 54.Qe2 b1=Q 55.Rxc1 Qxc1+ 56.Kg2 Qg1+
57.Kf3 Be5 58.Qf2 Qh1+ 59.Qg2 Qd1+ 60.Qe2 Qh1+ 61.Qg2 Qe1 62.Kg4 Qxa5  1/2-1/2

[Event "RLP Rp-ch"]
[Site "Hachenburg"]
[Date "1995.??.??"]
[Round "?"]
[White "Wieder, Heiner"]
[Black "Schiffer, Steve"]
[Result "0-1"]
[WhiteElo "2110"]
[BlackElo "2125"]

1.e4 e5 2.Nf3 Nc6 3.Bb5 a6 4.Ba4 Nf6 5.O-O b5 6.Bb3 Be7 7.Re1 d6 8.c3 O-O
9.h3 Nb8 10.d4 Nbd7 11.a4 Bb7 12.Nbd2 exd4 13.cxd4 c5 14.e5 Nd5 15.Ne4 dxe5
16.dxe5 c4 17.Bc2 Nc5 18.Nxc5 Bxc5 19.Bxh7+ Kh8 20.Be4 Qb6 21.Qe2 Nb4 22.Bxb7 Qxb7
23.axb5 axb5 24.Rxa8 Rxa8 25.Ng5 g6 26.e6 Nd3 27.Nxf7+ Kg7 28.Bh6+ Kh7 29.Be3 Nxe1
30.Qxe1 Be7 31.Bd4 Qd5 32.Qe3 Ra1+ 33.Kh2 Bd6+ 34.Nxd6 Qxd6+ 35.g3 Qd5 36.f3 Qf5
37.e7 Qc2+ 38.Qf2 Qxf2+ 39.Bxf2 Ra8 40.Bc5 Kg7 41.f4 Kf7 42.Kg2 Ra2 43.Bd4 b4
44.Kf3  0-1

[Event "Hafnarfjordur op"]
[Site "Hafnarfjordur"]
[Date "1995.??.??"]
[Round "7"]
[White "Thorfinnsson, Bjorn"]
[Black "Gunnarsson, Arnar"]
[Result "1/2-1/2"]
[WhiteElo "2060"]
[BlackElo "2095"]

1.e4 e5 2.Nf3 Nc6 3.Bb5 a6 4.Ba4 Nf6 5.O-O b5 6.Bb3 Be7 7.Re1 d6 8.c3 O-O
9.h3 Nb8 10.d4 Nbd7 11.Nbd2 Bb7 12.Bc2 Re8 13.Nf1 Bf8 14.Ng3 g6 15.a4 exd4
16.cxd4 c5 17.Bg5 h6 18.Bh4 Bg7 19.Qd2 cxd4 20.Nxd4 Qb6 21.Ndf5 gxf5 22.Nxf5 Re5
23.Qf4 Rxf5 24.Qxf5 Qc5 25.e5 Qd5 26.f3 dxe5 27.Red1 Qe6 28.axb5 Nb6 29.bxa6 Bd5
30.Ra5 Nc4 31.Bxf6 Qxf5 32.Bxf5 Nxa5 33.Rxd5 Nc6 34.Bxg7 Kxg7 35.Bd7 Rxa6
36.Bxc6 Rxc6 37.Rxe5 Rb6 38.Re2 Kg6 39.Kf2 Rb3 40.Rc2 Kg5 41.Re2 Kf4 42.Ke1 Rd3
43.Rd2 Rb3 44.Kf2 Rb4 45.Rc2 h5 46.g3+ Kf5 47.Re2 Rb3 48.g4+ hxg4 49.hxg4+ Kf4
50.Re4+ Kg5 51.Re2 Kf4 52.Re4+ Kg5 53.Kg3 Rxb2 54.f4+ Kg6 55.Ra4 Rb6 56.Kh4 f6
57.f5+ Kh6 58.Ra7 Rb1 59.Rf7 Rb6 60.Kg3 Rb3+ 61.Kf4 Rb4+ 62.Kf3 Rb6 63.Re7 Rb4
64.Rf7 Rb6 65.Ke4 Rd6  1/2-1/2

[Event "Haifa"]
[Site "Haifa"]
[Date "1995.??.??"]
[Round "3"]
[White "Akopian, Vladimir"]
[Black "Psakhis, Lev"]
[Result "1/2-1/2"]
[WhiteElo "2655"]
[BlackElo "2625"]

1.e4 e5 2.Nf3 Nc6 3.Bb5 a6 4.Ba4 Nf6 5.O-O Be7 6.Re1 b5 7.Bb3 O-O 8.h3 d6
9.c3 Nb8 10.d4 Nbd7 11.Nbd2 Bb7 12.Bc2 Re8 13.a4 c5 14.b3 cxd4 15.cxd4 exd4
16.axb5 axb5 17.Rxa8 Bxa8 18.Nxd4 Qb6 19.Bb2 Bf8 20.Bd3 b4 21.Nf5 g6 22.Ne3 Qd8
23.Bb5 Re6 24.Qa1 Bxe4 25.Bc4 Re8 26.Bb5 Re6 27.Bxd7 Nxd7 28.Nxe4 Rxe4 29.Nd5 Qe8
30.Rd1 Qe6 31.Kf1 Qf5 32.Qa8 Re6 33.Qa1 Qc2 34.Nxb4 Qxb3 35.Nd5 Re4 36.Bc3 Rc4
37.Rb1 Qc2 38.Kg1 Rc5 39.Rc1 Qe4 40.Ne3 Qc6 41.Rc2 h5 42.Qe1 Bg7 43.Bxg7 Kxg7
44.Rd2 Rc1 45.Nd1 Nf6 46.Kh2 Ne4 47.Rd3 d5 48.Qe3 Rc4 49.Qf4 Nf6 50.Qb8 Nd7
51.Qb2+ Nf6 52.Ne3 Qd6+ 53.g3 Rb4 54.Qd2 d4 55.Nc2 Rb2 56.Rf3 Qa6 57.Qd1 h4
58.Nxd4 hxg3+ 59.Kxg3 Qd6+ 60.Kg2 Ne4 61.Qd3 Qe5 62.Qe3 f5 63.Ne2 Rb7 64.Qd4  1/2-1/2

[Event "HUN-chT1"]
[Site "HUN"]
[Date "1995.??.??"]
[Round "?"]
[White "Poor, Istvan"]
[Black "Lukacs, Peter"]
[Result "1/2-1/2"]
[WhiteElo "2305"]
[BlackElo "2490"]

1.e4 e5 2.Nf3 Nc6 3.Bb5 a6 4.Ba4 Nf6 5.O-O Be7 6.Re1 b5 7.Bb3 d6 8.c3 O-O
9.h3 Nb8 10.d3 Nbd7 11.Nbd2 Bb7 12.Nf1 Nc5 13.Bc2 Re8 14.Ng3 Bf8 15.b4 Ne6
16.d4 Nf4 17.a4 Qc8 18.Bd2 g6 19.Ng5 h6 20.Nf3 h5 21.Qc1 Bh6 22.Ne2 Nxe2+
23.Rxe2 Bxd2 24.Qxd2 exd4 25.Qxd4 Qe6 26.Ng5 Qe5  1/2-1/2

[Event "Klatovy op"]
[Site "Klatovy"]
[Date "1995.??.??"]
[Round "3"]
[White "Dolezal, Radoslav Jr"]
[Black "Svoboda, Milos"]
[Result "0-1"]
[WhiteElo "2260"]
[BlackElo "2250"]

1.e4 e5 2.Nf3 Nc6 3.Bb5 a6 4.Ba4 Nf6 5.O-O Be7 6.Re1 b5 7.Bb3 d6 8.c3 O-O
9.h3 Nb8 10.d4 Nbd7 11.Nbd2 Bb7 12.Bc2 g6 13.Nf1 Nh5 14.Bh6 Re8 15.Qd2 Bf8
16.N1h2 Bxh6 17.Qxh6 Qf6 18.Ng4 Qg7 19.Ng5 Ndf6 20.Bb3 Re7 21.dxe5 Nxg4 22.Qxg7+ Nxg7
23.exd6 cxd6 24.hxg4 h6 25.Nf3 Rxe4 26.Rxe4 Bxe4 27.Rd1 Bxf3 28.gxf3 Rd8
29.Kg2 Kf8 30.f4 Ke7 31.Re1+ Kf8 32.Kf3 Rc8 33.Rh1 h5 34.gxh5 gxh5 35.Bd5 Rc5
36.Rd1 Ke7 37.Ke4 a5 38.a3 a4 39.Rg1 Ne8 40.Ba2 Nf6+ 41.Kf3 Nd5 42.Re1+ Kf6
43.Ke4 Nb6 44.Re2 Rc7 45.Kf3 Re7 46.Rd2 d5 47.Rd1 Rd7 48.Rh1 Kg6 49.Bb1+ Kh6
50.Bf5 Rd6 51.Bg4 Nc4 52.Rxh5+ Kg7 53.Rh1 Rb6 54.Bd7 Kf8 55.Rd1 Ke7 56.Rxd5 Nd6
57.Bf5 Nc4 58.Bd3 Nxb2 59.Rxb5 Rd6 60.Be2 Rd2 61.c4 Rc2 62.c5 Kd7 63.Rb7+ Kc6
64.Rxf7 Rc3+ 65.Ke4 Rxa3 66.Ra7 Rb3 67.Ra5 Rb8 68.f5 Re8+ 69.Kf3 Rb8 70.Kf4 Kd5
71.Bf3+ Kc4 72.c6 Kb4 73.c7 Rc8 74.Ra7 a3  0-1

[Event "CRO-chT"]
[Site "Makarska Tucepi"]
[Date "1995.??.??"]
[Round "?"]
[White "Zecevic, Dean"]
[Black "Loncar, Robert"]
[Result "1/2-1/2"]
[WhiteElo "2335"]
[BlackElo "2420"]

1.e4 e5 2.Nf3 Nc6 3.Bb5 a6 4.Ba4 Nf6 5.O-O Be7 6.Re1 b5 7.Bb3 d6 8.c3 O-O
9.h3 Nb8 10.d4 Nbd7 11.Nbd2 Bb7 12.Bc2 Re8 13.Nf1 Bf8 14.Ng3 g6 15.a4 Bg7
16.b4 c6 17.Bd3 Nb6 18.a5 Nbd7 19.Bd2 Rc8 20.Ra2  1/2-1/2

[Event "Manzanillo"]
[Site "Manzanillo"]
[Date "1995.??.??"]
[Round "1"]
[White "Arencibia, Walter"]
[Black "Rivera, Alberto"]
[Result "1/2-1/2"]
[WhiteElo "2485"]
[BlackElo "2370"]

1.e4 e5 2.Nf3 Nc6 3.Bb5 a6 4.Ba4 Nf6 5.O-O Be7 6.Re1 b5 7.Bb3 d6 8.c3 O-O
9.h3 Nb8 10.d4 Nbd7 11.Nh4 Nb6 12.dxe5 dxe5 13.Nd2 Nxe4 14.Rxe4 Bxh4 15.Rxe5 Qf6
16.Nf3 Bb7 17.Rh5 Bxf3 18.Qxf3 Qxf3 19.gxf3 Be7 20.Be3 Rad8 21.Re1 Bd6 22.Bd4 Rde8
23.Re4 Rxe4 24.fxe4 g6 25.Rg5 Re8 26.e5 Bf8 27.Rg4 c5 28.Rf4 Nc4 29.Bxc4 bxc4
30.Be3 Rxe5 31.Rxc4 f5 32.Kg2 Kf7 33.Kf3 h6 34.h4 Ke8 35.b3 Kd7 36.Ra4 Re6
37.Ra5 Rc6 38.Ke2 Be7 39.Bxh6 Bxh4 40.Be3 Kd6 41.b4 cxb4 42.cxb4 Ke6 43.f4 Be7
44.Re5+ Kf7 45.a3 Bd6 46.Rd5 Ke6 47.Rd3  1/2-1/2

[Event "Paris op"]
[Site "Paris"]
[Date "1995.??.??"]
[Round "?"]
[White "Renet, Olivier"]
[Black "Kaabi, Mejdi"]
[Result "1/2-1/2"]
[WhiteElo "2530"]
[BlackElo "2370"]

1.e4 e5 2.Nf3 Nc6 3.Bb5 a6 4.Ba4 Nf6 5.O-O Be7 6.Re1 b5 7.Bb3 d6 8.c3 O-O
9.h3 Nb8 10.d4 Nbd7 11.Nbd2 Bb7 12.Bc2 Re8 13.a4 Bf8 14.Bd3 c6 15.b3 Qc7
16.Qc2 g6 17.Bb2 Bg7 18.Rab1 Rab8 19.b4 Nh5 20.Bf1 Nb6 21.axb5 cxb5 22.dxe5 dxe5
23.Nb3 Na4 24.c4 bxc4 25.Qxc4 Qe7 26.Na5 Rec8 27.Qb3 Nxb2 28.Rxb2 Rc7 29.Bc4 h6
30.Rc2 Kh7 31.Bd5 Bxd5 32.exd5 Rxc2 33.Qxc2 Qd6 34.Nc6 Rb5 35.Ncxe5 Qxd5
36.Qc7 Rb7 37.Qc5 Qb3 38.Re3 Qxb4 39.Qxb4 Rxb4 40.Nxf7 a5 41.Re7 a4 42.Ra7  1/2-1/2

[Event "Paris op"]
[Site "Paris"]
[Date "1995.??.??"]
[Round "?"]
[White "Korneev, Oleg"]
[Black "Kaabi, Mejdi"]
[Result "1-0"]
[WhiteElo "2540"]
[BlackElo "2370"]

1.e4 e5 2.Nf3 Nc6 3.Bb5 a6 4.Ba4 Nf6 5.O-O Be7 6.Re1 b5 7.Bb3 d6 8.c3 O-O
9.h3 Nb8 10.d4 Nbd7 11.Nbd2 Bb7 12.Bc2 Re8 13.Nf1 Bf8 14.Ng3 g6 15.a4 c5
16.d5 c4 17.Bg5 h6 18.Be3 Qc7 19.Kh1 Bg7 20.Qd2 Kh7 21.Ng1 Nc5 22.f3 Reb8
23.Rf1 Nfd7 24.N1e2 bxa4 25.Bxa4 a5 26.f4 exf4 27.Rxf4 Ne5 28.Rh4 Qe7 29.Bg5 Qf8
30.Nd4 Nxa4 31.Ndf5 gxf5 32.Bxh6 Ng6 33.Bxg7+ Kxg7 34.Qg5 Qd8 35.Qh6+ Kf6
36.exf5 Qh8 37.Nh5+ Ke5 38.Qd2 Nxh4 39.Qd4+ Kxf5 40.Qg4+ Ke5 41.Qd4+ Kf5
42.Rf1+  1-0

[Event "Women-Veterans"]
[Site "Prague"]
[Date "1995.??.??"]
[Round "8"]
[White "Ioseliani, Nana"]
[Black "Spassky, Boris V"]
[Result "1/2-1/2"]
[WhiteElo "2475"]
[BlackElo "2555"]

1.e4 e5 2.Nf3 Nc6 3.Bb5 a6 4.Ba4 Nf6 5.O-O Be7 6.Re1 b5 7.Bb3 d6 8.c3 O-O
9.h3 Nb8 10.d4 Nbd7 11.Nbd2 Bb7 12.Bc2 Re8 13.a4 Bf8 14.Bd3 c6 15.b3 Qb6
16.Qc2 g6 17.Bb2 Nh5 18.Bf1 exd4 19.cxd4 d5 20.exd5 cxd5 21.Rxe8 Rxe8 22.axb5 axb5
23.Qd3 Bc6 24.Rc1 Nf4 25.Qc3 Rc8 26.g3 Bb7 27.Qe3 Rxc1 28.Bxc1 Ne6 29.h4 Nf6
30.Bb2 Ne4 31.Nxe4 dxe4 32.Ng5 Bh6 33.Bh3 Bxg5 34.hxg5 Bd5 35.Bxe6 Qxe6 36.Qf4 b4
37.Qb8+ Kg7 38.Bc1 e3 39.Bxe3 Qe4 40.Qe5+  1/2-1/2

[Event "St Petersburg-ch"]
[Site "St Petersburg"]
[Date "1995.??.??"]
[Round "4"]
[White "Solozhenkin, Evgeniy"]
[Black "Yemelin, Vasily"]
[Result "1/2-1/2"]
[WhiteElo "2480"]
[BlackElo "2515"]

1.e4 e5 2.Nf3 Nc6 3.Bb5 a6 4.Ba4 Nf6 5.O-O Be7 6.Re1 b5 7.Bb3 d6 8.c3 O-O
9.h3 Nb8 10.d4 Nbd7 11.Nbd2 Bb7 12.Bc2 Re8 13.Nf1 Bf8 14.Ng3 g6 15.b3 c6
16.Bb2 Qc7 17.Bd3 Rad8 18.Qc2 Qb8 19.a4 Bg7 20.Rab1 Qa8 21.Ra1 Qb8 22.axb5 axb5
23.c4 exd4 24.Bxd4 b4 25.Qb1 c5 26.Bb2 Ne5 27.Nxe5 dxe5 28.Nf1 Bh6 29.Ne3 Bxe3
30.Rxe3 Nh5 31.Ra5 Nf4 32.Bf1 Qc7 33.Ra7 f6 34.Qe1 Rd7 35.g3 Ne6 36.h4 Nd4
37.Rd3 Qc6 38.Bh3 Rd6 39.Bxd4 Rxd4 40.Rxd4 exd4 41.Bg2 f5 42.f3 Qb6 43.Ra2 Qd6
44.Kh2 Bc6 45.Ra6 Qd7 46.Ra2 Qb7 47.Re2 fxe4 48.fxe4 Qa8 49.Qb1 Re7 50.Qd3 Qa3
51.Qf3 Qa8  1/2-1/2

[Event "St Petersburg op"]
[Site "St Petersburg"]
[Date "1995.??.??"]
[Round "7"]
[White "Dvoirys, Semen I"]
[Black "Notkin, Maksim"]
[Result "1/2-1/2"]
[WhiteElo "2550"]
[BlackElo "2485"]

1.e4 e5 2.Nf3 Nc6 3.Bb5 a6 4.Ba4 Nf6 5.O-O Be7 6.Re1 b5 7.Bb3 d6 8.c3 O-O
9.h3 Nb8 10.d4 Nbd7 11.Nbd2 Bb7 12.Bc2 Re8 13.Nf1 Bf8 14.Ng3 g6 15.a4 c5
16.d5 c4 17.Be3 Nc5 18.Nh2 h5 19.Bg5 Be7 20.Bh6 Rb8 21.Qd2 Bf8 22.Nf3 Nh7
23.Be3 Nf6 24.Bg5 Be7 25.Bh6 Nh7 26.Be3 Qc7 27.Qe2 Bc8 28.Nd2 Bh4 29.Kh2 Qe7
30.Nf3 Bf6 31.axb5 axb5 32.Ra5 Bd7 33.Rea1 Rec8 34.Nf1 Qd8 35.Ra7 Be8 36.N1d2 Nf8
37.Qe1 Nfd7 38.b4 cxb3 39.Nxb3 Na4 40.Na5 Ndc5 41.Bxa4 bxa4 42.Bxc5 Rxc5
43.Nc6 Bxc6 44.dxc6 Rxc6 45.R1xa4 Rbc8  1/2-1/2

[Event "Stockholm-B"]
[Site "Stockholm"]
[Date "1995.??.??"]
[Round "1"]
[White "Sammalvuo, Tapani"]
[Black "Krivonosov, Oleg"]
[Result "0-1"]
[WhiteElo "2390"]
[BlackElo "2415"]

1.e4 e5 2.Nf3 Nc6 3.Bb5 a6 4.Ba4 Nf6 5.O-O Be7 6.Re1 b5 7.Bb3 d6 8.c3 O-O
9.h3 Nb8 10.d4 Nbd7 11.Nbd2 c5 12.Nf1 Bb7 13.Ng3 Re8 14.d5 g6 15.Bc2 Bf8
16.Bg5 h6 17.Be3 Nh7 18.Qd2 h5 19.a4 Nb6 20.Qe2 bxa4 21.Bxa4 Nxa4 22.Rxa4 Qc7
23.Qd3 Nf6 24.Bg5 Bg7 25.c4 Reb8 26.Bc1 Bc8 27.Ng5 Qe7 28.Ra3 Bd7 29.Rf1 h4
30.Ne2 Nh5 31.Nf3 Bf6 32.Nh2 Bg5 33.Ng4 Bxc1 34.Rxc1 Qg5 35.Nh2 Rxb2 36.Nf3 Qf6
37.Rb1 Rb4 38.Rba1 Rb6 39.Rb3 Rab8 40.Rab1 Rxb3 41.Rxb3 Rxb3 42.Qxb3 a5 43.Ne1 Qd8
44.Qb7 a4 45.Qa7 Kg7 46.Nf3 Be8 47.Nc3 Nf4 48.Kf1 Qf6 49.Ne1 Nh5 50.Nc2 Qf4
51.Ne3 Ng3+ 52.Kg1 Nxe4 53.Nxe4 Qxe4 54.Qe7 a3 55.Ng4 Qf4 56.Qa7 Qxc4 57.Qe7 Qf4
58.Qa7 Ba4  0-1

[Event "SVK-chT"]
[Site "?"]
[Date "1995.??.??"]
[Round "?"]
[White "Chmelik, Lukas"]
[Black "Gazik, Igor"]
[Result "1/2-1/2"]
[WhiteElo "2330"]
[BlackElo "2400"]

1.e4 e5 2.Nf3 Nc6 3.Bb5 a6 4.Ba4 Nf6 5.O-O Be7 6.Re1 b5 7.Bb3 d6 8.c3 O-O
9.h3 Nb8 10.d4 Nbd7 11.Nbd2 Re8 12.Nf1 Bf8 13.d5 Bb7 14.Ng3 g6 15.Be3 Nc5
16.Bc2 c6 17.dxc6 Bxc6 18.Bd2 Qc7 19.Nh4 d5 20.exd5 Nxd5 21.Qg4 Nf6 22.Qe2 Bg7
23.Be3 Ne6 24.a4 Nf4 25.Qd1 Rad8 26.Qb1 g5 27.Nhf5 Bf8 28.axb5 Bxg2 29.Rxa6 Re6
30.Bxf4 exf4 31.Raxe6 fxe6 32.Kxg2 fxg3 33.Nxg3 Bc5 34.Rxe6 Bxf2 35.Kxf2 Nh5
36.Bxh7+ Kh8 37.Nxh5 Qh2+ 38.Ke1 Qg1+ 39.Ke2 Qg2+ 40.Ke1 Qh1+ 41.Ke2 Qg2+
42.Ke1  1/2-1/2

[Event "SVK-chT"]
[Site "?"]
[Date "1995.??.??"]
[Round "?"]
[White "Cimra, Jozef"]
[Black "Korbela, Lubomir"]
[Result "1/2-1/2"]
[WhiteElo "2205"]
[BlackElo "2245"]

1.e4 e5 2.Nf3 Nc6 3.Bb5 a6 4.Ba4 Nf6 5.O-O Be7 6.Re1 b5 7.Bb3 O-O 8.c3 d6
9.h3 Nb8 10.d4 Nbd7 11.Nbd2 Bb7 12.Bc2 Re8 13.Nf1 Bf8 14.Ng3 g6 15.b3 c5
16.d5  1/2-1/2

[Event "SVK-ch"]
[Site "Trencin"]
[Date "1995.??.??"]
[Round "9"]
[White "Bisco, Igor"]
[Black "Franzen, Josef"]
[Result "0-1"]
[WhiteElo "2175"]
[BlackElo "2320"]

1.e4 e5 2.Nf3 Nc6 3.Bb5 a6 4.Ba4 Nf6 5.O-O Be7 6.Re1 b5 7.Bb3 d6 8.c3 O-O
9.h3 Nb8 10.a4 Bb7 11.d3 Nbd7 12.axb5 axb5 13.Rxa8 Bxa8 14.Na3 c6 15.d4 Bb7
16.Bd2 Qc7 17.Qb1 Nb6 18.Ba2 Nfd7 19.Qd3 Qb8 20.Nc2 Bf6 21.Ne3 c5 22.Ng4 c4
23.Qe3 Qd8 24.Bb1 Re8 25.Nfh2 Bh4 26.Qf3 Bg5 27.Ne3 Nf6 28.h4 Bh6 29.d5 Bc8
30.Bc2 g6 31.g3 Nbd7 32.Ra1 Kg7 33.Kg2 Nc5 34.Nhf1 Qd7 35.Ra2 Rf8 36.Kg1 Qb7
37.g4 Bf4 38.g5 Ng8 39.Ng3 f6 40.Nef5+ gxf5 41.Bxf4 exf4 42.Qxf4 Qe7 43.exf5 Nd3
44.Bxd3 cxd3 45.Qd4 d2 46.Nh5+ Kf7 47.Qxd2 Bxf5 48.Ra1 Re8 49.Qd4 Qe5 50.Qa7+ Re7
51.Qb6 fxg5  0-1

[Event "AUT-chT2S 9596"]
[Site "AUT"]
[Date "1996.??.??"]
[Round "?"]
[White "Mencinger, Vojko"]
[Black "Gazik, Igor"]
[Result "0-1"]
[WhiteElo "2385"]
[BlackElo "2385"]

1.e4 e5 2.Nf3 Nc6 3.Bb5 a6 4.Ba4 Nf6 5.O-O Be7 6.Re1 b5 7.Bb3 O-O 8.c3 d6
9.h3 Nb8 10.d4 Nbd7 11.Nbd2 Bb7 12.Bc2 Re8 13.Nf1 Bf8 14.Ng3 g6 15.a4 c5
16.d5 c4 17.Be3 Nc5 18.Qd2 Qc7 19.Nh2 bxa4 20.Bg5 Bg7 21.Bxa4 Reb8 22.Ra3 Ra7
23.Ng4 Nxg4 24.hxg4 Bc8 25.f3 Bd7 26.Bxd7 Qxd7 27.Be3 Qc7 28.Rb1 Rab7 29.Qe2 a5
30.Qxc4 Rxb2 31.Rxb2 Rxb2 32.Bxc5 Bh6 33.Nf1 dxc5 34.Qa4 c4 35.Qxa5 Qe7 36.Ra2 Rb1
37.Qa8+ Kg7 38.g3 Qf6 39.Kg2 Rxf1 40.Kxf1 Qxf3+ 41.Rf2 Qh1+ 42.Ke2 Qxe4+
43.Kf1 Be3 44.Qd8 Qd3+ 45.Kg2 Bxf2 46.Kxf2 e4 47.Kg2 Qf3+ 48.Kh2 e3 49.Qe7 e2
50.Qe5+ f6  0-1